Rural housing (Record no. 109689)

MARC details
000 -LEADER
fixed length control field 01037cad a22002655a 4500
001 - CONTROL NUMBER
control field E147700
008 - FIXED-LENGTH DATA ELEMENTS--GENERAL INFORMATION
fixed length control field 090605e20080422xxkb f s000 0 eng d
035 ## - SYSTEM CONTROL NUMBER
System control number (Sirsi) u147700
041 0# - LANGUAGE CODE
Language code of text/sound track or separate title eng
050 04 - LIBRARY OF CONGRESS CALL NUMBER
Classification number 306.1 $2 18
100 1# - MAIN ENTRY--PERSONAL NAME
Personal name Reid, Alasdair
245 00 - TITLE STATEMENT
Title Rural housing
Remainder of title international perspectives
Medium [electronic resource]
260 ## - PUBLICATION, DISTRIBUTION, ETC.
Place of publication, distribution, etc. Edinburgh
Name of publisher, distributor, etc. Scottish Parliament
Date of publication, distribution, etc. 2008
490 #0 - SERIES STATEMENT
Series statement SPICe Briefing
Volume/sequential designation (08/20) 22 April 2008
505 2# - FORMATTED CONTENTS NOTE
Formatted contents note Background -- Republic of Ireland -- Northern Ireland -- Norway -- Sources
520 ## - SUMMARY, ETC.
Summary, etc. Examines the provision of rural housing in the Republic of Ireland, Northern Ireland and Norway.
521 ## - TARGET AUDIENCE NOTE
Target audience note Advanced
590 ## - LOCAL NOTE (RLIN)
Local note KA
651 #4 - SUBJECT ADDED ENTRY--GEOGRAPHIC NAME
Geographic name Norway
651 #4 - SUBJECT ADDED ENTRY--GEOGRAPHIC NAME
Geographic name Northern Ireland
Chronological subdivision 2007-
651 #4 - SUBJECT ADDED ENTRY--GEOGRAPHIC NAME
Geographic name Ireland (Republic of)
Chronological subdivision
690 ## - LOCAL SUBJECT ADDED ENTRY--TOPICAL TERM (OCLC, RLIN)
Topical term or geographic name as entry element PROPERTY-RESIDENTIAL PROPERTY-DOMESTIC RESIDENTIAL PROPERTY-HOUSING
856 40 - ELECTRONIC LOCATION AND ACCESS
Uniform Resource Identifier <a href="https://www.scottish.parliament.uk/business/research/subject/RurAff.htm">https://www.scottish.parliament.uk/business/research/subject/RurAff.htm</a>
Public note View the briefing free of charge at www.scottish.parliament.uk...
942 ## - ADDED ENTRY ELEMENTS (KOHA)
Suppress in OPAC 0
Holdings
Withdrawn status Lost status Source of classification or shelving scheme Damaged status Not for loan Home library Current library Shelving location Date acquired Total Checkouts Full call number Barcode Date last seen Copy number Price effective from Koha item type
    Dewey Decimal Classification     Virtual Virtual Online 05/06/2009   ONLINE PUBLICATION 147700-2001 06/08/2019 1 06/08/2019 Book